000 01063cam a22003014a 4500
001 15954387
003 Nust- CAS-E
005 20180118181410.0
008 091021s2010 njua b 001 0 eng
010 _a 2009040165
020 _a9780470472095 (cloth)
040 _aDLC
_cDLC
050 0 0 _aTK1191
_b.O657 2010
082 0 0 _a621.3
_222
_bOPE 2010
245 0 0 _aOperation and control of electric energy processing systems /
_cedited by James Momoh, Lamine Mili.
260 _aHoboken, N.J. :
_bWiley ;
_aPiscataway, N.J. :
_bIEEE press,
_cc2010.
300 _axii, 185 p. :
_bill. ;
_c23 cm.
502 _a0
504 _aIncludes bibliographical references and index.
650 0 _aElectric power systems
_xControl.
650 0 _aElectric power-plants
_xManagement.
650 0 _aElectric utilities
_xManagement.
700 1 _aMomoh, James A.,
_d1950-
700 1 _aMili, Lamine.
906 _a7
_bcbc
_corignew
_d1
_eecip
_f20
_gy-gencatlg
942 _2ddc
_cBK
999 _c355694
_d355694